Music : In grades 1-12 : A tentative guide to curriculum development (Record no. 62343)
[ view plain ]
| 000 -LEADER | |
|---|---|
| fixed length control field | 00457nam a2200145Ia 4500 |
| 005 - DATE AND TIME OF LATEST TRANSACTION | |
| control field | 20240821152136.0 |
| 008 - FIXED-LENGTH DATA ELEMENTS--GENERAL INFORMATION | |
| fixed length control field | 240821s9999||||xx |||||||||||||| ||und|| |
| 082 ## - DEWEY DECIMAL CLASSIFICATION NUMBER | |
| Classification number | 780.7 VIR |
| 100 ## - MAIN ENTRY--PERSONAL NAME | |
| Personal name | Virgina, Commonwealth of Virgina Virgina |
| 245 #0 - TITLE STATEMENT | |
| Title | Music : In grades 1-12 : A tentative guide to curriculum development |
| 260 ## - PUBLICATION, DISTRIBUTION, ETC. | |
| Place of publication, distribution, etc. | Virgina |
| Name of publisher, distributor, etc. | Commonwealth of Virgina |
| Date of publication, distribution, etc. | 1954 |
| 300 ## - PHYSICAL DESCRIPTION | |
| Extent | 132p |
| 650 ## - SUBJECT ADDED ENTRY--TOPICAL TERM | |
| Topical term or geographic name entry element | ARTS,CRAFTS,MUSIC,SPORTS AND RECREATIONS |
| 942 ## - ADDED ENTRY ELEMENTS (KOHA) | |
| Koha item type | Book |
| Withdrawn status | Lost status | Damaged status | Not for loan | Home library | Current library | Date acquired | Total checkouts | Barcode | Date last seen | Price effective from | Koha item type |
|---|---|---|---|---|---|---|---|---|---|---|---|
| Library and Documentation Division NCERT | Library and Documentation Division NCERT | 08/21/2024 | 45000 | 08/21/2024 | 08/21/2024 | Book |





